000 00419nam a2200181Ia 4500
005 20240827014631.0
008 240331s9999 xx 000 0 und d
020 _a0905712005
082 _bHEI
_a800
100 _aHenemann,W
245 4 _aThe time machine
260 _aLondon
_bWilliam Heinemann Limited
_c1982
300 _a828 p .,
650 _aHistory
650 _aFiction
650 _aRomance
942 _cL
999 _c4779
_d4779